Instagram Follower der Vereine der 3.Liga 21/22 - Statistiken

Allgemein
  • Dieses Quiz wurde 60 mal gespielt
  • Das Durchschnittsergebnis liegt bei 6 aus 18
Antwortstatistiken
Follower Antwort % Korrekt
121.000 1. FC Kaiserslautern
81%
105.000 TSV 1860 München
64%
68.000 SV Waldhof Mannheim
51%
65.300 Eintracht Braunschweig
42%
61.400 1. FC Magdeburg
40%
45.900 MSV Duisburg
32%
9.951 SC Verl
32%
6.754 TSV Havelse
30%
48.700 VfL Osnabrück
30%
34.000 Hallescher FC
26%
26.600 1. FC Saarbrücken
25%
16.200 Viktoria Berlin
23%
18.800 Viktoria Köln
23%
24.300 FSV Zwickau
21%
33.600 SV Meppen
21%
29.600 SV Wehen Wiesbaden
21%
40.200 Türkgücü München
15%
39.200 Würzburger Kickers
13%
Keine übereinstimmenden Quizze gefunden
Verteilung der Resultate
Anzahl Personen mit jedem Resultat
Perzentil nach korrekt beantworteten Fragen
Ihre Resultats-Entwicklung
Sie haben dieses Quiz noch nicht gespielt